00608cam a22001452 4500001001100000005001700011008004100028040001500069100004200084245018200126260004100308300003100349502004500380650003700425000002341920151217161556.0121127s xx 000 0 eng d aKABUcKABU1 aKipkenei, Raymond Kiprop.@000018279210aAnalysis of policy effectiveness as a strategic management tool on microfinance institutions in Kenya :ba case study of MFI's in Nakuru municipality /cRaymond Kiprop Kipkenei. aNakuru :bKabarak University,c2012. axi, 56 leaves +e1 CD-ROM. aThesis (MBA) - Kabarak University, 2012. 0aMicrofinancezKenya.@0000182793